Economia para no economistas / Jose Antonio Paternostro Matero (Registro nro. 11682)

Detalles MARC
000 -LEADER
fixed length control field 00522nam a22001931a 4500
001 - CONTROL NUMBER
control field 11682
003 - CONTROL NUMBER IDENTIFIER
control field OSt
005 - DATE AND TIME OF LATEST TRANSACTION
control field 20260204212251.0
008 - FIXED-LENGTH DATA ELEMENTS--GENERAL INFORMATION
fixed length control field 130507s2006||||ck ||||||b||||||||||spa||
020 ## - NUMERO DE LIBRO INTERNACIONAL NORMALIZADO
International Standard Book Number 9588200652
050 ## - LIBRARY OF CONGRESS CALL NUMBER
Classification number 330 P273e
100 ## - ASIENTO PRINCIPAL -- NOMBRE PERSONAL
Personal name Paternostro Matero, Jose Antonio
245 ## - TÍTULO PROPIAMENTE DICHO: SUBTÍTULO
Title Economia para no economistas / Jose Antonio Paternostro Matero
264 ## - PRODUCTION, PUBLICATION, DISTRIBUTION, MANUFACTURE, AND COPYRIGHT NOTICE
Place of production, publication, distribution, manufacture Colombia: Universidad Sergio Arboledo
300 ## - PHYSICAL DESCRIPTION
Extensión 392 P
500 ## - GENERAL NOTE
General note Incluye bibliografia
650 ## - ASIENTO SECUNDARIO DE MATERIA -- TERMINO TEMÁTICO
Termino Temático Como Elemento de Entrada ECONOMIA I-TilÌ
942 ## - ADDED ENTRY ELEMENTS (KOHA)
Source of classification or shelving scheme Dewey Decimal Classification
Koha item type Libros
Existencias
Withdrawn status Lost status Source of classification or shelving scheme Damaged status Not for loan Current library Date acquired Total Checkouts Full call number Barcode Date last seen Price effective from Koha item type
    Dewey Decimal Classification     Biblioteca UTECO 09/09/2019   330 P273E 016806 09/09/2019 09/09/2019 Libros
    Dewey Decimal Classification     Biblioteca UTECO 09/09/2019   330 P273E 016807 09/09/2019 09/09/2019 Libros
© 2021 Derechos Reservados UTECO - Teléfono: +1 809-585-2291 - Correo electrónico: biblioteca@uteco.edu.do​  
Código postal 43000 ​​
Dirección: Avenida Universitaria No. 100, 
Cotuí, Provincia Sánchez Ramírez, República Dominicana - RNC: 404-00059-6